00302nam a2200133Ia 4500003000400000005001700004008004100021020001600062040002000078100002000098245002500118260001600143260000900159OSt20240124100230.0170524s9999 xx 000 0 und d a 0201575949 cIIMT UNIVERSITY aPerssman Rogers 0aSOFTWARE ENGINEERING bMcGraw Hill c2010